Welcome to the Holygrace Academy Library

Please use search bar below to get started

NIRANTHARA JANANAM (Record no. 6970)

MARC details
000 -LEADER
fixed length control field 00343nam a22001457a 4500
020 ## - INTERNATIONAL STANDARD BOOK NUMBER
ISBN 978-81-226-1369-8
082 ## - DEWEY DECIMAL CLASSIFICATION NUMBER
Classification number 920
Item number MRI/N
100 ## - MAIN ENTRY--AUTHOR NAME
Personal name MRINAL SEN
245 ## - TITLE STATEMENT
Title NIRANTHARA JANANAM
250 ## - EDITION STATEMENT
Edition statement FIRST EDITION
260 ## - PUBLICATION, DISTRIBUTION, ETC. (IMPRINT)
Place of publication THRISSUR
Name of publisher CURRENT BOOKS
Year of publication 2016
300 ## - PHYSICAL DESCRIPTION
Number of Pages 272
650 ## - SUBJECT ADDED ENTRY--TOPICAL TERM
Topical Term ALWAYS BEING BOR - A MEMOIR
Geographic subdivision KERALA
942 ## - ADDED ENTRY ELEMENTS (KOHA)
Koha item type Books
Holdings
Withdrawn status Lost status Collection code Home library Current library Shelving location Date acquired Source of acquisition Cost, normal purchase price Full call number Accession Number Koha item type
    Non-fiction Main Library Main Library NEW SHELF WITH NEW ENTRY 26/10/2023 purchase 2016.00 920 MRI/N 13166 Books